Véronique Meyer et Marie-Luce Pujalte-Fraysse (dir.), La Famille d’Argenson et les arts, Rennes, PUR, coll. « Art et Société », 2019, 296 p. (notice n° 1635853)
[ vue normale ]
| 000 -LEADER | |
|---|---|
| fixed length control field | 00589cam a2200145 4500500 |
| 005 - DATE AND TIME OF LATEST TRANSACTION | |
| control field | 20260111142256.0 |
| 041 ## - LANGUAGE CODE | |
| Language code of text/sound track or separate title | fre |
| 042 ## - AUTHENTICATION CODE | |
| Authentication code | dc |
| 100 10 - MAIN ENTRY--PERSONAL NAME | |
| Personal name | Moureau, François |
| Relator term | author |
| 245 00 - TITLE STATEMENT | |
| Title | Véronique Meyer et Marie-Luce Pujalte-Fraysse (dir.), La Famille d’Argenson et les arts, Rennes, PUR, coll. « Art et Société », 2019, 296 p. |
| 260 ## - PUBLICATION, DISTRIBUTION, ETC. | |
| Date of publication, distribution, etc. | 2020.<br/> |
| 500 ## - GENERAL NOTE | |
| General note | 18 |
| 786 0# - DATA SOURCE ENTRY | |
| Note | Dix-huitième siècle | 52 | 1 | 2020-10-01 | p. LXXXIV-LXXXIV | 0070-6760 |
| 856 41 - ELECTRONIC LOCATION AND ACCESS | |
| Uniform Resource Identifier | <a href="https://shs.cairn.info/revue-dix-huitieme-siecle-2020-1-page-LXXXIV?lang=fr&redirect-ssocas=7080">https://shs.cairn.info/revue-dix-huitieme-siecle-2020-1-page-LXXXIV?lang=fr&redirect-ssocas=7080</a> |
Pas d'exemplaire disponible.




Réseaux sociaux